000 00821nam a2200229Ia 4500
005 20240530104426.0
008 140319s1964 xx 000 0 ara d
040 _aGCL /
_cGCL
082 0 4 _a551.46 /
_bل ب
100 1 _aلين، فرديناند
245 1 0 _aالبحر /
_cتاليف لين، فرديناند ؛ مترجم محمود محمد رمضان ؛ مراجع كامل منصور
260 _aالقاهرة :
_bدار المعارف،
_c1964
300 _a125 ص؛
_c20 سم
490 _aكل شىء عن
_v( 16 )
650 _aالمحيطات
650 _aالبحر
650 _aالبحر والانسان
700 1 _aمحمود محمد رمضان
_eمترجم
700 1 _aكامل منصور
_eمراجع
942 _2ddc
_cBK
999 _c47544
_d47544